| 000 | 06960namaa22004451i 4500 | ||
|---|---|---|---|
| 003 | EG-GICUC | ||
| 005 | 20260423125457.0 | ||
| 008 | 260411s2025 ua a|||frm||| 000 0 eng d | ||
| 040 |
_aEG-GICUC _beng _cEG-GICUC _dEG-GICUC _erda |
||
| 041 | 0 |
_aeng _beng _bara |
|
| 049 | _aDeposit | ||
| 082 | 0 | 4 | _a633.372 |
| 092 |
_a633.372 _221 |
||
| 097 | _aM.Sc | ||
| 099 | _aCai01.07.14.M.Sc.2025.Ta.R | ||
| 100 | 0 |
_aTallat Nady Abdallah, _epreparation. |
|
| 245 | 1 | 0 |
_aResponse of green bean crop to nano and chelate elements fertilization under reclaimed soil conditions / _cby Tallat Nady Abdallah ; Supervisors Dr. Mohamed Mohamed Shahein, Dr. Sahar Samih Taha, Dr. Mohamed Abedlwahhab Mohamoud. |
| 246 | 1 | 5 | _aإستجابة الفاصوليا للتسميد بالنانو والتسميد المخلبي تحت ظروف الاراضي المستصلحة |
| 264 | 0 | _c2025. | |
| 300 |
_a78 pages : _billustrations ; _c25 cm. + _eCD. |
||
| 336 |
_atext _2rda content |
||
| 337 |
_aUnmediated _2rdamedia |
||
| 338 |
_avolume _2rdacarrier |
||
| 502 | _aThesis (M.Sc)-Cairo University, 2025. | ||
| 504 | _aBibliography: pages 71-78. | ||
| 520 | 3 | _aPhaseolus vulgaris L., commonly known as the common bean, is a vital legume crop globally, primarily cultivated for its edible seeds and pods. This study investigates the effects of nano and chelate micronutrient fertilizers, specifically iron (Fe), zinc (Zn), and manganese (Mn), in combination with nitrogen, phosphorus, and potassium (NPK) on the growth, yield, and nutritional quality of common beans over two agricultural seasons (2022 and 2023) in sandy soil conditions in Egypt. The experimental design employed a randomized complete block design (RCBD) with nine treatments, including various combinations of nano and chelate micronutrients The treatments were as following: Control: NPK fertilizers (recommended doses); Nano Fe: 25 ppm; Chelate Fe: 13% Fe (equivalent to 2.5 g/L= 325 ppm); Nano Zn: 30 ppm; Chelate Zn: 13% Zn (equivalent to 2.5 g/L = 325 ppm); Nano Mn: 20 ppm; Chelate Mn: 13% Mn (equivalent to 2.5 g/L = 325 ppm); Nano Mix: Fe (25 ppm) + Zn (30 ppm) + Mn (20 ppm); Chelate Mix: Fe (13%) + Zn (13%) + Mn (13%).. Results indicated that the application of nano-fertilizers significantly enhanced vegetative growth parameters, including plant height, leaf count, and fresh shoot weight, compared to the control. Notably, the treatment combining nano (Fe + Zn + Mn) with NPK yielded the highest total yield (5.77 tons/fed in 2022 and 6.33 tons/fed in 2023) and total soluble solids (TSS) .Additionally, the nano treatments improved macronutrient (N, P, and K) and micronutrient (Fe, Zn, and Mn) concentrations in both leaves and pods, indicating enhanced nutrient uptake and translocation efficiency. The study also revealed that nano-fertilizers positively influenced the biochemical quality traits of common beans, including protein, fiber, fat, and ascorbic acid content. The findings suggest that the integration of nano-fertilizers into fertilization strategies can significantly improve the productivity and nutritional quality of common beans, supporting sustainable agricultural practices. This research underscores the potential of nanotechnology in enhancing crop yield and quality while minimizing environmental impacts. | |
| 520 | 3 | _aالفاصوليا الخضراء L) vulgaris (.Phaseolus، المعروفة باسم الفاصوليا الشائعة، هي محصول بقولي حيوي على مستوى العالم، ويتم زراعته بشكل أساسي من أجل بذوره وقرونه الصالحة للأكل. تبحث هذه الدراسة في تأثيرات أسمدة المغذيات الدقيقة النانوية والمخلبية، وتحديداً الحديد (Fe) والزنك (Zn) والمنجنيز (Mn)، بالاشتراك مع النيتروجين والفوسفور والبوتاسيوم (NPK) على نمو ومحصول وجودة الفاصوليا الشائعة على مدار موسمين زراعيين 2022) و (2023 في ظروف التربة الرملية في مصر. استخدم التصميم التجريبي تصميم القطاعات العشوائية الكاملة (RCBD) مع تسع معاملات، بما في ذلك تركيبات مختلفة من المغذيات الدقيقة النانوية والمخلبية. أشارت النتائج إلى أن تطبيق الأسمدة النانوية عزز بشكل كبير معايير النمو الخضري، بما في ذلك ارتفاع النبات، وعدد الأوراق، والوزن الطازج للمجموع الخضري، مقارنةً بالمعاملة الضابطة. والجدير بالذكر أن المعاملة التي جمعت بين النانو Mn) + Zn + (Fe مع NPK أنتجت أعلى محصول كلي 5.77) طن/فدان في 2022 و 6.33 طن/فدان في (2023 وأعلى نسبة من إجمالي المواد الصلبة الذائبة .(TSS) بالإضافة إلى ذلك، أدت المعاملات النانوية إلى تحسين تركيزات المغذيات الكبرى N) و P و (K والمغذيات الدقيقة Fe) و Zn و (Mn في كل من الأوراق والقرون، مما يشير إلى تعزيز كفاءة امتصاص المغذيات وانتقالها. كشفت الدراسة أيضًا أن الأسمدة النانوية أثرت بشكل إيجابي على الصفات الكيميائية الحيوية لجودة الفاصوليا الشائعة، بما في ذلك محتوى البروتين والألياف والدهون وحمض الأسكوربيك. تشير النتائج إلى أن دمج الأسمدة النانوية في استراتيجيات التسميد يمكن أن يحسن بشكل كبير من إنتاجية الفاصوليا الشائعة وجودتها الغذائية، مما يدعم الممارسات الزراعية المستدامة. يؤكد هذا البحث على إمكانات تكنولوجيا النانو في تعزيز محصول المحاصيل وجودتها مع تقليل التأثيرات البيئية. | |
| 530 | _aIssues also as CD. | ||
| 546 | _aText in English and abstract in Arabic & English. | ||
| 650 | 0 | _agreen bean | |
| 650 | 0 | _aالفاصوليا | |
| 653 | 1 |
_aPhaseolus vulgaris _aSnap bean _aNano micronutrient fertilizers _aGrowth _aYield and nutritional value _aفاصوليا عادية _aفاصوليا خضراء |
|
| 700 | 0 |
_aMohamed Mohamed Shahein _ethesis advisor. |
|
| 700 | 0 |
_aSahar Samih Taha _ethesis advisor. |
|
| 700 | 0 |
_aMohamed Abedlwahhab Mohamoud _ethesis advisor. |
|
| 900 |
_b01-01-2025 _cMohamed Mohamed Shahein _cSahar Samih Taha _cMohamed Abedlwahhab Mohamoud _UCairo University _FFaculty of Agriculture _DDepartment of Vegetable Crops |
||
| 905 |
_aShimaa _eEman Ghareb |
||
| 942 |
_2ddc _cTH _e21 _n0 |
||
| 999 | _c179392 | ||